00286nam a2200097Ia 4500008004100000100001800041245005300059260005000112300000800162650001800170191201s2018 xx 000 0 und d aMOORE, Kieron 0aAmbedkar: India’s Crusader for Human Rights  bKALYANI NAVYOG MEDIA PVT LTDc2018aNew Delhi a165 aGeneral Books